<?xml version="1.0" encoding="UTF-8"?>
<record
    xmlns:xsi="http://www.w3.org/2001/XMLSchema-instance"
    xsi:schemaLocation="http://www.loc.gov/MARC21/slim http://www.loc.gov/standards/marcxml/schema/MARC21slim.xsd"
    xmlns="http://www.loc.gov/MARC21/slim">

  <leader>04633cam a22004694i 4500</leader>
  <controlfield tag="003">PE-LiUPU</controlfield>
  <controlfield tag="005">20250731173406.0</controlfield>
  <controlfield tag="008">150706s                r     000 0     d</controlfield>
  <datafield tag="020" ind1=" " ind2=" ">
    <subfield code="a">9780825415876</subfield>
  </datafield>
  <datafield tag="035" ind1=" " ind2=" ">
    <subfield code="a">(Sirsi) i9780825415876</subfield>
  </datafield>
  <datafield tag="040" ind1=" " ind2=" ">
    <subfield code="a">PE-LiUPU</subfield>
    <subfield code="b">spa</subfield>
    <subfield code="c">PE-LiUPU</subfield>
    <subfield code="e">rda</subfield>
  </datafield>
  <datafield tag="049" ind1=" " ind2=" ">
    <subfield code="a">PRUA</subfield>
  </datafield>
  <datafield tag="082" ind1="0" ind2="4">
    <subfield code="a">241.5</subfield>
    <subfield code="b">P19</subfield>
    <subfield code="2">21</subfield>
  </datafield>
  <datafield tag="100" ind1="1" ind2=" ">
    <subfield code="a">Piper, John,</subfield>
    <subfield code="e">autor.</subfield>
  </datafield>
  <datafield tag="245" ind1="1" ind2="0">
    <subfield code="a">Lo que Jes&#xFA;s exige del mundo /</subfield>
    <subfield code="c">John Piper.</subfield>
  </datafield>
  <datafield tag="264" ind1=" " ind2="1">
    <subfield code="a">Michigan :</subfield>
    <subfield code="b">Portavoz,</subfield>
    <subfield code="c">2007.</subfield>
  </datafield>
  <datafield tag="300" ind1=" " ind2=" ">
    <subfield code="a">376 p&#xE1;ginas ;</subfield>
    <subfield code="c">23 cm.</subfield>
  </datafield>
  <datafield tag="336" ind1=" " ind2=" ">
    <subfield code="a">text</subfield>
    <subfield code="2">rdacontent</subfield>
  </datafield>
  <datafield tag="337" ind1=" " ind2=" ">
    <subfield code="a">unmediated</subfield>
    <subfield code="2">rdamedia</subfield>
  </datafield>
  <datafield tag="338" ind1=" " ind2=" ">
    <subfield code="a">volume</subfield>
    <subfield code="2">rdacarrier</subfield>
  </datafield>
  <datafield tag="505" ind1="0" ind2=" ">
    <subfield code="a">Os es necesario nacer de nuevo -- Arrepent&#xED;os -- Venid a m&#xED; -- Creed en m&#xED; -- Amadme -- Escuchadme -- Permaneced en m&#xED; -- Tomad vuestra cruz y seguidme -- Amad a Dios con todo vuestro coraz&#xF3;n, alma, mente y fuerzas -- Gozaos y alegraos -- Temed m&#xE1;s bien a aquel que puede destruir el alma y el cuerpo en el infierno -- Adorad a Dios en Esp&#xED;ritu y en verdad -- Orad siempre y no desmayad -- No os afan&#xE9;is por las necesidades de la vida diaria -- Nos os afan&#xE9;is ante las amenazas del hombre -- Humillaos peleando contra el orgullo -- Humillaos en ingenuidad, servidumbre y confianza deshecha -- No os enoj&#xE9;is, confiad en la prudencia de Dios -- Nos os enoj&#xE9;is, abrazad la misericordia y el perd&#xF3;n -- Haced la voluntad de mi padre que est&#xE1; en los cielos: confiad en Jes&#xFA;s y justificaos -- Haced la voluntad de mi padre que est&#xE1; en los cielos:  transformaos confiando en Jes&#xFA;s -- Esforzaos por entrad por la puerta estrecha porque toda la vida es una guerra -- Esforzaos por entrad por la puerta estrecha porque Jes&#xFA;s cumple el nuevo pacto -- Esforzaos por entrad por la puerta estrecha porque ya ustedes est&#xE1;n en el poder del reino -- Vuestra justicia debe superar la de los fariseos:  limpiad el interior del vaso -- Vuestra justicia debe superar la de los fariseos, porque todo buen &#xE1;rbol da buenos frutos -- Amad a vuestros enemigos: guiadlos hacia la verdad -- Amad a vuestros enemigos: orad por los que os calumnian -- Amad a vuestros enemigos: haced bien a los que os aborrecen; a cualquiera que os pide, dadle -- Amad a vuestros enemigos para demostrar que sois hijos de Dios -- Amar&#xE1;s a tu pr&#xF3;jimo como a ti mismo, pues esta es la ley y los profetas -- Amar&#xE1;s a tu pr&#xF3;jimo con la misma dedicaci&#xF3;n que tienes por tu propio bienestar -- Amar&#xE1;s a tu pr&#xF3;jimo como a ti mismo y como Jes&#xFA;s nos ha amado -- Haceos tesoros en el cielo, dando sacrificada y generosamente -- Haceos tesoros en el cielo y aumentad vuestro gozo en Jes&#xFA;s -- Haceos tesoros en el cielo:  "A vuestro Padre le ha placido daros el reino ." -- No jur&#xE9;is, valorad la verdad y habladla con sencillez -- No jur&#xE9;is, sea vuestro hablar sencillamente "S&#xED;" o "no" -- Lo que Dios junt&#xF3;, no lo separe el hombre, porque el matrimonio refleja el pacto de Dios con nosotros -- Lo que Dios junt&#xF3;, no lo separe el hombre, porque quien se divorcia y se casa con otra, adultera -- Lo que Dios junt&#xF3;, no lo separe el hombre: un hombre una mujer: por gracia, hasta la muerte -- Dad a C&#xE9;sar lo que es de C&#xE9;sar y a Dios lo que es de Dios -- Dad a C&#xE9;sar lo que es de C&#xE9;sar como un acto de dar a Dios lo que es de Dios -- Haced esto en memoria de m&#xED;, porque edificar&#xE9; mi iglesia -- Haced esto en memoria de m&#xED;: bautizar disc&#xED;pulos y comer la cena del Se&#xF1;or -- As&#xED; alumbre vuestra luz delante de los hombres, para que glorifiquen a vuestro Padre que est&#xE1; en los cielos -- As&#xED; alumbre vuestra luz delante de los hombres: el alegre sacrificio de amor en el sufrimiento -- Haced disc&#xED;pulos a todas las naciones, porque toda la autoridad pertenece a Jes&#xFA;s -- Haced disc&#xED;pulos a todas las naciones, porque la misi&#xF3;n no puede fracasar.</subfield>
  </datafield>
  <datafield tag="526" ind1=" " ind2=" ">
    <subfield code="a">SEG42</subfield>
  </datafield>
  <datafield tag="526" ind1=" " ind2=" ">
    <subfield code="a">SEG41</subfield>
  </datafield>
  <datafield tag="526" ind1=" " ind2=" ">
    <subfield code="a">SEG40</subfield>
  </datafield>
  <datafield tag="526" ind1=" " ind2=" ">
    <subfield code="a">SEG39</subfield>
  </datafield>
  <datafield tag="526" ind1=" " ind2=" ">
    <subfield code="a">P94</subfield>
  </datafield>
  <datafield tag="526" ind1=" " ind2=" ">
    <subfield code="a">P87</subfield>
  </datafield>
  <datafield tag="526" ind1=" " ind2=" ">
    <subfield code="a">P86</subfield>
  </datafield>
  <datafield tag="526" ind1=" " ind2=" ">
    <subfield code="a">P85</subfield>
  </datafield>
  <datafield tag="526" ind1=" " ind2=" ">
    <subfield code="a">P77</subfield>
  </datafield>
  <datafield tag="526" ind1=" " ind2=" ">
    <subfield code="a">P76</subfield>
  </datafield>
  <datafield tag="526" ind1=" " ind2=" ">
    <subfield code="a">P35</subfield>
  </datafield>
  <datafield tag="541" ind1=" " ind2=" ">
    <subfield code="g">001-001091;</subfield>
  </datafield>
  <datafield tag="630" ind1=" " ind2=" ">
    <subfield code="a">Biblia N.T.</subfield>
    <subfield code="x">Evangelios</subfield>
    <subfield code="v">Cr&#xED;tica, interpretaci&#xF3;n, etc.</subfield>
  </datafield>
  <datafield tag="650" ind1="0" ind2="4">
    <subfield code="a">Jesucristo</subfield>
    <subfield code="x">Ense&#xF1;anzas.</subfield>
  </datafield>
  <datafield tag="910" ind1=" " ind2=" ">
    <subfield code="a">gl</subfield>
    <subfield code="b">jv</subfield>
    <subfield code="c">lch</subfield>
    <subfield code="d">20110818</subfield>
  </datafield>
  <datafield tag="942" ind1=" " ind2=" ">
    <subfield code="2">ddc</subfield>
    <subfield code="c">BOOK</subfield>
  </datafield>
  <datafield tag="949" ind1=" " ind2=" ">
    <subfield code="a">241.5 P19</subfield>
    <subfield code="w">DEWEY</subfield>
    <subfield code="c">1</subfield>
    <subfield code="i">63303</subfield>
    <subfield code="l">CCODEBUL1</subfield>
    <subfield code="m">BUL</subfield>
    <subfield code="p">15.00</subfield>
    <subfield code="r">0</subfield>
    <subfield code="s">Y</subfield>
    <subfield code="t">BOOK</subfield>
    <subfield code="u">2015-7-6</subfield>
    <subfield code="x">TEOLOGIA</subfield>
    <subfield code="P">P35</subfield>
    <subfield code="o">.STAFF. Colecci&#xF3;n General</subfield>
  </datafield>
  <datafield tag="994" ind1=" " ind2=" ">
    <subfield code="a">C0</subfield>
    <subfield code="b">PEPRU</subfield>
  </datafield>
  <datafield tag="596" ind1=" " ind2=" ">
    <subfield code="a">1</subfield>
  </datafield>
  <datafield tag="999" ind1=" " ind2=" ">
    <subfield code="a">241.5 P19</subfield>
    <subfield code="w">DEWEY</subfield>
    <subfield code="c">52304</subfield>
    <subfield code="i">63303</subfield>
    <subfield code="d">52304</subfield>
    <subfield code="f">2021-11-10</subfield>
    <subfield code="g">5</subfield>
    <subfield code="l">CCODEBUL1</subfield>
    <subfield code="m">BUL</subfield>
    <subfield code="p">15.00</subfield>
    <subfield code="q">2</subfield>
    <subfield code="r">0</subfield>
    <subfield code="s">Y</subfield>
    <subfield code="t">BOOK</subfield>
    <subfield code="u">2015-7-6</subfield>
    <subfield code="x">TEOLOGIA</subfield>
    <subfield code="P">P35</subfield>
    <subfield code="0">COMPRA</subfield>
    <subfield code="o">.STAFF. Colecci&#xF3;n General</subfield>
  </datafield>
  <datafield tag="980" ind1=" " ind2=" ">
    <subfield code="8">1</subfield>
    <subfield code="g">ALBERTO SANCHEZ Responsable de Automatizaci&#xF3;n</subfield>
  </datafield>
  <datafield tag="952" ind1=" " ind2=" ">
    <subfield code="r">2025-12-03 00:00:00</subfield>
    <subfield code="i">6</subfield>
    <subfield code="l">2</subfield>
    <subfield code="o">241.5 P19</subfield>
    <subfield code="p">63303</subfield>
    <subfield code="s">2024-06-18</subfield>
    <subfield code="t">e1</subfield>
    <subfield code="v">20.00</subfield>
    <subfield code="w">2015-07-06</subfield>
    <subfield code="x">FT</subfield>
    <subfield code="y">BK</subfield>
    <subfield code="z">inventario-2023-12-13</subfield>
    <subfield code="1">0</subfield>
    <subfield code="2">ddc</subfield>
    <subfield code="5">0</subfield>
    <subfield code="7">0</subfield>
    <subfield code="8">GEN</subfield>
    <subfield code="f">P35</subfield>
    <subfield code="a">BUL</subfield>
    <subfield code="b">BUL</subfield>
    <subfield code="c">GEN</subfield>
    <subfield code="d">2015-07-06</subfield>
    <subfield code="e">COMPRA</subfield>
    <subfield code="g">15.00</subfield>
  </datafield>
</record>
